A COLOUR ATLAS OF CLINICAL ORTHOPAEDICS (Record no. 801241)

MARC details
000 -LEADER
fixed length control field 00366pam a2200157 a 4500
020 ## - INTERNATIONAL STANDARD BOOK NUMBER
International Standard Book Number 0723420580
Terms of availability
041 ## - LANGUAGE CODE
Language code of text/sound track or separate title eng
082 ## - DEWEY DECIMAL CLASSIFICATION NUMBER
Classification number 617.3
Item number JON / OWN
100 ## - MAIN ENTRY--PERSONAL NAME
Personal name JONES W.A.,OWEN R.
245 ## - TITLE STATEMENT
Title A COLOUR ATLAS OF CLINICAL ORTHOPAEDICS
Medium Textual Documents
250 ## - EDITION STATEMENT
Edition statement 2.
260 ## - PUBLICATION, DISTRIBUTION, ETC.
Name of publisher, distributor, etc. MOSBY
Date of publication, distribution, etc. 1995
300 ## - PHYSICAL DESCRIPTION
Extent 240:
Dimensions HB.
650 ## - SUBJECT ADDED ENTRY--TOPICAL TERM
Topical term or geographic name entry element ORTHO
930 ## - EQUIVALENCE OR CROSS-REFERENCE-UNIFORM TITLE HEADING [LOCAL, CANADA]
Uniform title 6714
Holdings
Withdrawn status Lost status Damaged status Not for loan Collection Home library Current library Date acquired Source of acquisition Cost, normal purchase price Total Checkouts Full call number Barcode Date last seen Date last checked out Copy number Price effective from Koha item type
          Medical College & Hospital, Sangli Medical College & Hospital, Sangli 18/03/2015 B.M.S.G.B.PUNE 8782.40 2 617.3 JON / OWN MCS-12317 25/09/2025 25/09/2025 1 26/07/2023 Book